les victoires / qualifications des pays africains en CDM (football) - Statistiques

Statistiques générales
  • Ce quiz a été pris 11 fois
    6 depuis la dernière actualisation
  • Le résultat moyen est 19 sur 38
Statistiques - réponses
Années pays africain pays adverses Tour Score % Correct
2022 Maroc Espagne 1/8eme 0-0 , 3 tab à 0
100%
2022 Maroc Portugal Quart de finale 1-0
100%
2022 Maroc Belgique 1er Tour 2-0
83%
2022 Sénégal Equateur 1er Tour 2-1
83%
2022 Tunisie France 1er Tour 1-0
83%
2022 Sénégal Qatar 1er Tour 3-1
83%
2022 Cameroun Brésil 1er Tour 1-0
67%
2022 Maroc Canada 1er Tour 2-1
67%
2010 Afrique du Sud France 1er Tour 2-1
67%
1982 Algérie Allemagne 1er Tour 2-1
50%
2014 Nigeria Bosnie Herzégovine 1er Tour 1-0
50%
2010 Cote d Ivoire Corée Du Nord 1er Tour 3-0
50%
2014 Algérie Corée du Sud 1er Tour 4-2
50%
2022 Ghana Corée du Sud 1er Tour 3-2
50%
2010 Ghana Etats Unis 1/8eme 2-1 ap
50%
2002 Sénégal France 1er Tour 1-0
50%
2018 Nigeria Islande 1er Tour 2-0
50%
2014 Cote d Ivoire Japon 1er Tour 2-1
50%
2018 Tunisie Panama 1er Tour 2-1
50%
2018 Sénégal Pologne 1er Tour 2-1
50%
2010 Ghana Serbie 1er Tour 1-0
50%
2002 Cameroun Arabie Saoudite 1er Tour 1-0
33%
1990 Cameroun Argentine 1er Tour 1-0
33%
1994 Nigeria Bulgarie 1er Tour 3-0
33%
1998 Nigeria Bulgarie 1er Tour 1-0
33%
1982 Algérie Chili 1er Tour 3-2
33%
1990 Cameroun Colombie 1/8eme 2-1 ap
33%
1998 Maroc Ecosse 1er Tour 3-0
33%
1998 Nigeria Espagne 1er Tour 3-2
33%
2006 Ghana Etats Unis 1er Tour 2-1
33%
1994 Nigeria Grèce 1er Tour 2-0
33%
1986 Maroc Portugal 1er Tour 3-1
33%
2006 Ghana République Tchéque 1er Tour 2-0
33%
1990 Cameroun Roumanie 1er Tour 2-1
33%
2006 Cote d'Ivoire Serbie Monténégro 1er Tour 3-2
33%
2002 Afrique du Sud Slovénie 1er Tour 1-0
33%
2002 Sénégal Suède 1/8eme 2-1 ap
33%
1978 Tunisie Mexique 1er Tour 3-1
0%
Aucun quiz correspondant
Distribution des résultats
% des personnes avec chaque résultat
Percentile par nombre de réponses
Votre historique - résultats
Vous n’avez pas pris ce quiz depuis la dernière actualisation